000
00189 a2200097 4500
001
10995
100
_a
Brandl, W
245
_a
North South
260
_a
_b
Pan Book
_c
090
_c
8563
_d
8563
942
_a
NUST-CAE
_c
M
_c
35337
999
_c
246068
_d
246068